000
00317nam a2200133Ia 4500
005
20251222143116.0
008
251222s9999||||xx |||||||||||||| ||spa||
020
_a
958-653-035-3
082
_a
658.401/A23
100
_a
Adair, John
245
0
_a
El Reto Gerencial de la Innovación
264
_b
Legis
942
_c
LIB
999
_c
11352
_d
11352